Economic development (Registro nro. 598)

Detalles MARC
000 -LEADER
fixed length control field 01637 a2200241 4500
001 - CONTROL NUMBER
control field 14658
005 - DATE AND TIME OF LATEST TRANSACTION
control field 20260407155448.0
008 - FIXED-LENGTH DATA ELEMENTS--GENERAL INFORMATION
fixed length control field 260407a2012 arg spa d
003 - CONTROL NUMBER IDENTIFIER
control field AR-UNSa-BCEJYS
040 ## - CATALOGING SOURCE
Original cataloging agency AR-UNSa-BCEJYS
Language of cataloging spa
Transcribing agency AR-UNSa-BCEJYS
080 ## - UNIVERSAL DECIMAL CLASSIFICATION NUMBER
Universal Decimal Classification number 330.34
Common auxiliary subdivision Desarrollo Económico
020 ## - INTERNATIONAL STANDARD BOOK NUMBER
International Standard Book Number 978-0-13-801388-2
100 1# - MAIN ENTRY--PERSONAL NAME
Personal name Todaro, Michael P.
245 10 - TITLE STATEMENT
Title Economic development
250 ## - EDITION STATEMENT
Edition statement 11a. ed.
264 #1 - PRODUCTION, PUBLICATION, DISTRIBUTION, MANUFACTURE, AND COPYRIGHT NOTICE
Place of production, publication, distribution, manufacture Boston :
Name of producer, publisher, distributor, manufacturer Pearson
Date of production, publication, distribution, manufacture, or copyright notice 2012
300 ## - PHYSICAL DESCRIPTION
Extent xxvii, 801 p.
Dimensions 26 cm.
505 ## - FORMATTED CONTENTS NOTE
Formatted contents note 1. Introducing economic development: a global perspective - 2. Comparative economic development - 3. Classic theories of economic growth and development - 4. Contemporary models of development and underdevelopment - 5. Poverty, inequality, and development - 6. Population Growth and economic development: causes, consequences, and controversies - 7. Urbanization and rural-urban migration: theory and policy - 8. Human capital: education and health in economic development - 9. Agricultural transformation and rural development - 10. The environment and development - 11. Development policymaking and the roles of market, state, and civil society - 12. International trade theory and development strategy - 13. Balance of payments, debt, financial crises, and stabilization policies - 14. Foreign finance, investment, and Aid: controversies and opportunities - 15. Finance and fiscal policy for development
590 ## - LOCAL NOTE (RLIN)
Local note niveau_biblio:m niveau_hierar:0
700 1# - ADDED ENTRY--PERSONAL NAME
Personal name Smith, Stephen C.
856 41 - ELECTRONIC LOCATION AND ACCESS
Uniform Resource Identifier <a href="https://biblioeco.unsa.edu.ar/pmb/images/libros/Economic Development-l118977.jpg">https://biblioeco.unsa.edu.ar/pmb/images/libros/Economic Development-l118977.jpg</a>
Link text Imagen de portada
Electronic format type image/jpeg
942 ## - ADDED ENTRY ELEMENTS (KOHA)
Koha item type
Existencias
Withdrawn status Lost status Damaged status Not for loan Home library Current library Shelving location Date acquired Total checkouts Full call number Barcode Date last seen Price effective from Koha item type
        Biblioteca Prof. Eusebio Cleto del Rey Biblioteca Prof. Eusebio Cleto del Rey   07/04/2026   330.34 T633 11ed. L118976 07/04/2026 07/04/2026 Libro
        Biblioteca Prof. Eusebio Cleto del Rey Biblioteca Prof. Eusebio Cleto del Rey   07/04/2026   330.34 T633 11ed. L118977 07/04/2026 07/04/2026 Libro